00477nmm a2200133Ia 4500008004100000020001800041041000800059100003000067245007900097264005500176300001800231650004300249856005100292251105s9999||||xx |||||||||||||||||und|| a9789560106841 aspa aMartínez Cerda, Claudio 0aPunta Peuco: la historia desconocida. Relato de un protagonista inesperado a[Santiago de Chile, Chile] :bRil editores, c2019 a208 páginas aHistory of the Americas: Latin America uhttps://public.digitaliapublishing.com/a/65469